Les 100 meilleurs joueurs de EA sport FC 26 - Statistiques

Statistiques générales
  • Ce quiz a été pris 522 fois
  • Le résultat moyen est 75 sur 95
Statistiques - réponses
Rang Note Poste Club Joueur % Correct
- 91 BU Real Madrid Kylian Mbappé
100%
- 90 BU Manchester City Erling Haaland
99%
1 91 MD Liverpool Mohamed Salah
99%
3 90 BU Paris Saint-Germain Ousmane Dembélé
99%
- 90 DC Liverpool Virgil Van Dijk
99%
- 89 DD Paris Saint-Germain Achraf Hakimi
98%
- 89 G Manchester City Gianluigi Donnarumma
98%
- 89 MD FC Barcelone Lamine Yamal
98%
- 90 MDC Manchester City Rodri
98%
- 89 MC Paris Saint-Germain Vitinha
98%
- 89 MC FC Barcelone Pedri
97%
- 89 AG Real Madrid Vinicius Jr.
97%
- 89 G Liverpool Alisson
96%
- 89 BU Bayern Munich Harry Kane
96%
- 90 MOC Real Madrid Jude Bellingham
96%
- 89 G Real Madrid Thibaut Courtois
96%
- 89 MDC Bayern Munich Joshua Kimmich
94%
21 88 BU FC Barcelone Robert Lewandowski
94%
- 85 G Aston Villa Emiliano Martínez
93%
- 88 BU Inter Milan Lautaro Martínez
93%
8 89 MG FC Barcelone Raphinha
93%
- 85 DC Al-Nassr Iñigo Martínez
92%
- 87 DC Arsenal Wiliam Saliba
92%
28 87 MOC Chelsea Cole Palmer
91%
- 89 MC Real Madrid Frederico Valverde
91%
- 88 G Atlético Madrid Jan Oblak
91%
- 88 AD Arsenal Bukayo Saka
90%
- 87 DC Paris Saint-Germain Marquinhos
90%
- 88 BU Liverpool Alexander Isak
88%
- 89 MOC Liverpool Florian Wirtz
88%
- 87 MC Naples Kevin De Bruyne
88%
50 86 DG Paris Saint-Germain Nuno Mendes
88%
- 88 DC Arsenal Gabriel
86%
- 88 MOC Bayern Munich Jamal Musiala
86%
- 86 AD Inter Miami Lionel Messi
86%
- 87 G Inter Milan Yann Sommer
86%
- 87 BU Atlético Madrid Julián Alvarez
85%
- 87 G AC Milan Mike Maignan
85%
- 86 DC Paris Saint-Germain Willian Pacho
85%
- 87 MOC Manchester United Bruno Fernandes
84%
- 87 MDC Arsenal Declan Rice
84%
- 87 MC FC Barcelone Frenkie de Jong
84%
- 87 DD FC Barcelone Jules Koundé
84%
- 85 AD Paris Saint-Germain Désiré Doué
83%
- 85 MC Paris Saint-Germain João Neves
83%
- 86 MD Bayern Munich Michael Olise
83%
- 85 BU Al-Nassr Cristiano Ronaldo
82%
- 86 DC Real Madrid Antonio Rüdiger
81%
- 87 BU Borussia Dortmund Serhou Guirassy
81%
- 87 BU Arsenal Viktor Gyökeres
81%
- 87 BU Galatasaray Victor Osimhen
80%
- 87 DC Inter Milan Alessandro Bastoni
79%
- 85 BU Atlético Madrid Antoine Griezmann
79%
- 85 DD Real Madrid Dani Carvajal
79%
- 87 G Arsenal David Raya
78%
- 86 DC Manchester City Rúben Dias
78%
- 86 DC Liverpool Ibrahima Konaté
77%
- 85 BU Inter Milan Marcus Thuram
76%
- 87 MDC Chelsea Moisés Caicedo
76%
- 87 MC Inter Milan Nicolò Barella
76%
- 86 DD Real Madrid Trent Alexander-Arnold
76%
- 85 DC Bayern Munich Dayot Upamecano
75%
- 87 MC Arsenal Martin Ødegaard
75%
- 86 MG Athletic Bilbao Nico Williams
75%
- 85 AD Real Madrid Rodrygo
75%
- 87 MC Liverpool Alexis Mac Allister
74%
- 87 AG Paris Saint-Germain Kvicha Kvaratskhelia
74%
- 86 MOC AS Roma Paulo Dybala
74%
- 85 MC Paris Saint-Germain Fabián Ruiz
73%
- 85 MDC Fenerbahçe N'Golo Kanté
72%
- 85 AD Manchester City Phil Foden
72%
- 85 BU Al-Hilal Karim Benzema
70%
- 87 DC Bayern Munich Jonathan Tah
69%
- 86 G Gérone Marc-André Ter Stegen
69%
- 85 MOC FC Barcelone Dani Olmo
67%
66 85 G Fenerbahce Ederson
67%
- 85 DG Inter Milan Frederico Dimarco
67%
- 86 MDC Newcastle Sandro Tonali
67%
- 86 G Borussia Dortmund Gregor Kobel
64%
- 85 MC Naples Scott McTominay
64%
- 85 MG Bayern Munich Luis Díaz
63%
- 85 MDC Liverpool Ryan Gravenberch
63%
- 86 MC Newcastle Bruno Guimarães
62%
- 85 AD Manchester United Bryan Mbeumo
62%
- 85 G Athletic Bilbao Unai Simón
61%
- 85 AG Los Angeles FC Heung-Min Son
58%
- 85 DC Juventus Bremer
55%
- 86 MDC Inter Milan Hakan Çalhanoğlu
55%
- 85 G Fiorentina David De Gea
50%
- 85 MDC Sunderland Granit Xhaka
49%
- 85 DC Borussia Dortmund Nico Schlotterbeck
49%
- 85 BU Bayer Leverkusen Patrik Schick
49%
- 86 MC Manchester City Tijjani Reijnders
49%
- 85 G RB Leipzig Péter Gulácsi
41%
- 85 MC Aston Villa Youri Tielemans
35%
Aucun quiz correspondant
Distribution des résultats
% des personnes avec chaque résultat
Percentile par nombre de réponses
Votre historique - résultats
Vous n’avez pas pris ce quiz